Dokonalá konkurencia je nerealizovateľný ideál, napriek tomu má zmysel sa o ňu usilovať Parlament rokuje o návrhu nového zákona o ochrane hospodárskej súťaže

Začiatky modernej protimonopolnej politiky (1890 prvý antitrustový zákon USA). Protimonopolná politika a sociálne trhové hospodárstvo. Regulačné princípy v Nemecku po 2. svetovej vojne. Chicagská škola antitrustovej analýzy. Koncepcia efektívnej súťaže. Koncepcia slovenskej protimonopolnej politiky,...

Full description

Saved in:
Bibliographic Details
Main Author: Banas, M.
Format: Book Chapter
Language:Slovak
Subjects:
Tags: Add Tag
No Tags, Be the first to tag this record!

MARC

LEADER 00000naa a2200000 4500
001 r015636
005 20221213114420.0
041 0 |a slo 
044 |a SK 
245 1 0 |a Dokonalá konkurencia je nerealizovateľný ideál, napriek tomu má zmysel sa o ňu usilovať  |b Parlament rokuje o návrhu nového zákona o ochrane hospodárskej súťaže  |c M. Banas 
520 |a Začiatky modernej protimonopolnej politiky (1890 prvý antitrustový zákon USA). Protimonopolná politika a sociálne trhové hospodárstvo. Regulačné princípy v Nemecku po 2. svetovej vojne. Chicagská škola antitrustovej analýzy. Koncepcia efektívnej súťaže. Koncepcia slovenskej protimonopolnej politiky, základom trhový mechanizmus. 
610 2 0 |a politika protimonopolná 
610 2 0 |a súťaž hospodárska 
610 2 0 |a konkurencia 
610 2 0 |a Slovensko 
610 2 0 |a zákony 
610 2 0 |a koncepcie 
610 2 0 |a USA 
610 2 0 |a Nemecko 
610 2 0 |a trh 
610 2 0 |a mechanizmus trhový 
610 2 0 |a teórie ekonomické 
100 1 |a Banas, M.